000 00322nam a22001577a 4500
003 SGT
020 _a978-1-444-11795-0
082 _a617.51
_bE11C
100 _aCORBRIDGE, ROGAN
245 _aESSENTIALS ENT
250 _a2ND
260 _aLONDON
_bCRC
_c2011
300 _a194
650 _aENT
942 _2ddc
_cBK
999 _c15435
_d15435